Выпись из дворянских [списков] Белостокского уезда о родословной семьи Шумович

Доступно только в Электронных читальных залах Найти на картеНа карте
RUSMARC
00003704nmc2a22002771x 450
00103ad85ff-11fe-4ef8-8672-7dd7a40f96ef
00520160309091856.0
100##$a20151228l1832 k y0rusy50 ca
1010#$apol
102##$aRU
105##$aa z |||||
1220#$ad18321231
2001#$aВыпись из дворянских [списков] Белостокского уезда о родословной семьи Шумович
$j[Позднее 1832]
215##$a2 листа
$cил.
251##$cДело
300##$aПодлинник
300##$aНа польском языке
300##$aЛисты: 1 - элементы художественного оформления, порван по сгибу; 2 - печать под кустодией, разорван на две части
300##$aРукописный текст
330##$aВходит в раздел описи: 3 раздел. Документы разных организаций России (1823-1905 гг.)
461#0$100173413d47-36b7-4590-b021-f13c3c58289c
$12001
$aКОЛЛЕКЦИЯ ДОКУМЕНТОВ ПО ИСТОРИИ РЕВОЛЮЦИОННОГО ДВИЖЕНИЯ В РОССИИ
$1251
$cФонд
$1852
$j9599
462#0$1001cadcb26a-c41c-4889-9f0c-631c0cfaf7fe
$12001
$aДела постоянного хранения. 1801-1921, 1978 гг.
$vД. 24
$1251
$cОпись
$1852
$j1
600#1$aШумович
801#0$aRU
$bGA_RF
801#1$aRU
$bНПО Опыт
$c20151228
$2rusmarc
801#2$aRU
$bПБ им. Б.Н. Ельцина
$c20160309
$gRCR
$2rusmarc
852##$aГА РФ
$j24
937##$d66594861
$hПБ
035##$aRuPRLIB51034055
Формат отображения